Portal Web para la Evaluación del Desempeño de los Colaboradores de la Universidad UTECO / (Registro nro. 24187)

Detalles MARC
000 -LEADER
fixed length control field 01395nam a22002777a 4500
003 - CONTROL NUMBER IDENTIFIER
control field DO-CoUTE
005 - DATE AND TIME OF LATEST TRANSACTION
control field 20260514130858.0
008 - FIXED-LENGTH DATA ELEMENTS--GENERAL INFORMATION
fixed length control field 260514b dr ||||| |||| 00| 0 spa d
040 ## - CATALOGING SOURCE
Original cataloging agency DO-CoUTE
Language of cataloging spa
Transcribing agency DO-CoUTE
041 ## - LANGUAGE CODE
Language code of text/sound track or separate title spa
092 ## - LOCALLY ASSIGNED DEWEY CALL NUMBER (OCLC)
Classification number INF 2025 C16
100 1# - MAIN ENTRY--PERSONAL NAME
Personal name Capellán Dorvil, Clarisleidy Altagracia
Relator term Sustentante
245 10 - TITLE STATEMENT
Title Portal Web para la Evaluación del Desempeño de los Colaboradores de la Universidad UTECO /
Statement of responsibility, etc. Clarisleidy Altagracia Capellán Dorvil, José Alexander Sánchez Tavarez, Misael Antonio Moya Joaquín, Alex Daniel Ayala Francisco, Jonathan Reyes Ullola ; Asesor, Alba Lissette Peguero Fabián
260 ## - PUBLICATION, DISTRIBUTION, ETC.
Place of publication, distribution, etc. Cotuí, República Dominicana ;
Name of publisher, distributor, etc. UTECO,
Date of publication, distribution, etc. 2025
300 ## - PHYSICAL DESCRIPTION
Extent 91 Hojas :
Other physical details Graficos ;
Dimensions 23cm,
Accompanying material + 1 CD-ROM
502 ## - DISSERTATION NOTE
Dissertation note Trabajo de Grado (Licenciatura en Informática) Universidad Tecnológica del Cibao Oriental, 2025.<br/><br/>
504 ## - BIBLIOGRAPHY, ETC. NOTE
Bibliography, etc. note Incluye referencia bibliográfica e índice.<br/>
650 #4 - SUBJECT ADDED ENTRY--TOPICAL TERM
Topical term or geographic name entry element Portal web
700 1# - ADDED ENTRY--PERSONAL NAME
Personal name Clarisleidy Altagracia Capellán Dorvil
Relator term Sustentante
700 1# - ADDED ENTRY--PERSONAL NAME
Personal name José Alexander Sánchez Tavarez
Relator term Sustentante
700 1# - ADDED ENTRY--PERSONAL NAME
Personal name Misael Antonio Moya Joaquín
Relator term Sustentante
700 1# - ADDED ENTRY--PERSONAL NAME
Personal name Alba Lissette Peguero Fabián
Relator term Asesor
830 ## - SERIES ADDED ENTRY--UNIFORM TITLE
Uniform title Tesis y disertaciones académicas (Universidad Tecnológica del Cibao Oriental)
856 ## - ELECTRONIC LOCATION AND ACCESS
Link text Haga Click Aquí para Descargar en Texto Completo
942 ## - ADDED ENTRY ELEMENTS (KOHA)
Source of classification or shelving scheme Dewey Decimal Classification
Koha item type Tesis
Existencias
Withdrawn status Lost status Source of classification or shelving scheme Damaged status Not for loan Collection code Home library Current library Shelving location Date acquired Inventory number Total Checkouts Full call number Barcode Date last seen Copy number Price effective from Koha item type
    Dewey Decimal Classification     e-Tesis (en CD) Biblioteca UTECO Biblioteca UTECO En Estantería 05/14/2026 24187   INF 2025 C16 24187 05/14/2026 Ej.1 05/14/2026 Tesis
© 2021 Derechos Reservados UTECO - Teléfono: +1 809-585-2291 - Correo electrónico: biblioteca@uteco.edu.do​  
Código postal 43000 ​​
Dirección: Avenida Universitaria No. 100, 
Cotuí, Provincia Sánchez Ramírez, República Dominicana - RNC: 404-00059-6